Online Catalogue and eLibrary

Wishwa vidyala upasanskruthiya (Record no. 5046)

MARC details
000 -LEADER
fixed length control field 00443nam a2200157Ia 4500
005 - DATE AND TIME OF LATEST TRANSACTION
control field 20250606014842.0
008 - FIXED-LENGTH DATA ELEMENTS--GENERAL INFORMATION
fixed length control field 240331s9999 xx 000 0 und d
020 ## - INTERNATIONAL STANDARD BOOK NUMBER
ISBN 9555534764
082 ## - DDC Classification
Item Number - Author Mark HEM
Class No. 301
100 ## - MAIN ENTRY--PERSONAL NAME
Personal name Hemantha,S.W.K
245 #0 - TITLE STATEMENT
Title Wishwa vidyala upasanskruthiya
260 ## - PUBLICATION, DISTRIBUTION, ETC.
Place of publication, distribution, etc. Warakapola
Name of publisher, distributor, etc. Arya Publishers
Date of publication, distribution, etc. 2006
300 ## - PHYSICAL DESCRIPTION
Extent (e.g. Volumes, Pages etc.) ix, 231 p .,
500 ## - GENERAL NOTE
General note A book on university subculture ( Tradition. reality and change)
942 ## - Koha item type (Biblio)
Koha item type Books in Stacks (Lending)
Holdings
Lost status Damaged status Collection code Home library Current library Shelving location Date acquired Full call number Accession Number Item type
    Lending WERC Library WERC Library Social Science Cupboard 03/31/2024 301 HEM 6297 Books in Stacks (Lending)

© WERC Library